000 00823nam a2200205 i 4500
001 163591
003 ES-MaACL
005 20250712080308.0
008 010207s1891 sp a |||| | spa d
040 _aCCPB | B
_bspa
_cCCPB | B
100 1 _aRivas Ortiz, Juan.
_9131857
245 1 0 _aSeis tipos aéreos
_b: breve ensayo de ornitologia pasional (ameno y humorístico) /
_cJuan Rivas Ortiz ; con un prólogo de Natalio Rivas Santiago ; dibujos del autor ; fotograbados de Thomas.
260 _aAlbuñol :
_b[s.n.],
_c1891 (
_fImp. de Juan López García)
300 _a204 p. :
_bil. ;
_c19 cm.
650 4 _aOrnitología.
_9136637
700 1 _aThomas, Josep,
_d1853-1910
_9133224
700 1 _aRivas Santiago, Natalio,
_d1865-1958
_997593
852 _aES-MaACL
_jD-1035
_z- Rust.
999 _c163591
_d163591